| 000 | 00674nam a2200241 i 4500 | ||
|---|---|---|---|
| 001 | bg | ||
| 100 | 1 | _aCRANMER, David | |
| 245 | 1 | 0 |
_aMusical openings : _busing music in the language classroom. |
| 250 | _a[1st ed. 2nd impr.]. | ||
| 260 |
_aHarlow : _bLongman, _c1993. |
||
| 300 |
_a111 s. : _bfot., rys. ; _c25 cm. |
||
| 490 | 1 | _aPilgrims Longman Resource Books | |
| 650 | 9 |
_aJęzyk angielski _xnauczanie _xmetody |
|
| 700 | 1 | _aLAROY, Clement | |
| 830 | _aPilgrims Longman Resource Books | ||
| 020 | _a0582075041 | ||
| 040 | _cBPK | ||
| 041 | 0 | _aen | |
| 080 | _a802.0-07 | ||
| 920 | _a0-582-07504-1 | ||
| 942 | _cKS | ||
| 008 | s pl f |000 0 pol | ||
| 999 |
_c24428 _d24428 |
||
| 856 |
_uhttp://koha.tu.koszalin.pl/cgi-bin/koha/opac-detail.pl?biblionumber=24428 _yKatalog online BPK |
||